Movies Quiz

Random Movies or Pixar Quiz

'Inside Out' Islands of Personality Quiz Stats

 Plays Quiz Updated Nov 18, 2015

Challenge
Share
Tweet
Score 0/5 Timer 01:30
2 Plays Today
% Correct
Family Island
94.4%
Hockey Island
88.9%
Friendship Island
69.7%
Goofball Island
61.5%
Honesty Island
51.5%

You're not logged in!

Compare scores with friends on all Sporcle quizzes.
OR
Log In

You Might Also Like...

Show Comments

Extras

Top Quizzes Today


Score Distribution

Your Account Isn't Verified!

In order to create a playlist on Sporcle, you need to verify the email address you used during registration. Go to your Sporcle Settings to finish the process.

Report this User

Report this user for behavior that violates our Community Guidelines.

Details: